000
00176 a2200085 4500
041
_a
spa
100
_a
anonimo
245
_a
revista del patrimonio nacional aò¨ xxxl
942
_c
BK
999
_c
10014
_d
10014